Multivariate business cycle synchronization in small samples (Record no. 83776)

000 -LEADER
fixed length control field 00482pab a2200181 454500
008 - FIXED-LENGTH DATA ELEMENTS--GENERAL INFORMATION
fixed length control field 180718b2009 xxu||||| |||| 00| 0 eng d
100 ## - MAIN ENTRY--PERSONAL NAME
Personal name Candelon, Bertrand
245 ## - TITLE STATEMENT
Title Multivariate business cycle synchronization in small samples
260 ## - PUBLICATION, DISTRIBUTION, ETC.
Date of publication, distribution, etc. 2009
300 ## - PHYSICAL DESCRIPTION
Extent p.715-37.
362 ## - DATES OF PUBLICATION AND/OR SEQUENTIAL DESIGNATION
Dates of publication and/or sequential designation Oct
650 ## - SUBJECT ADDED ENTRY--TOPICAL TERM
Topical term or geographic name entry element Business cycles
700 ## - ADDED ENTRY--PERSONAL NAME
Personal name Straetmans, Stefan
700 ## - ADDED ENTRY--PERSONAL NAME
Personal name Piplack, Jan
773 ## - HOST ITEM ENTRY
Main entry heading Oxford Bulletin of Economics and Statistics
908 ## - PUT COMMAND PARAMETER (RLIN)
Put command parameter N
909 ## -
-- 83776
Holdings
Withdrawn status Lost status Damaged status Not for loan Permanent Location Current Location Date acquired Serial Enumeration / chronology Barcode Date last seen Price effective from Koha item type
        Indian Institute of Public Administration Indian Institute of Public Administration 2018-07-19 Volume no: 71, Issue no: 5 AR84236 2018-07-19 2018-07-19 Articles

Powered by Koha